[Event "Asia-ch Rapid U20"]
[Site "Jamshedpur"]
[Date "2023.09.08"]
[Round "3"]
[White "Mohd, Tabseer Alam"]
[Black "Reyan, Md"]
[Result "0-1"]
[WhiteElo "1421"]
[BlackElo "1693"]
[PlyCount "80"]
[EventDate "2023.09.08"]
[EventType "swiss (rapid)"]
[EventRounds "9"]
[EventCountry "IND"]
[SourceTitle "EXT 2024"]
[Source "ChessBase"]
[SourceDate "2023.10.10"]
[SourceVersion "1"]
[SourceVersionDate "2023.10.10"]
[SourceQuality "1"]

1. b3 Nf6 2. Bb2 g6 3. Bxf6 exf6 4. c4 Bg7 5. Nc3 0-0 6. Rc1 f5 7. g3 d6 8. Bg2 Nc6 9. Nf3 Re8 10. 0-0 h6 11. e3 g5 12. d4 Ne7 13. h4 Ng6 14. h5 Nf8 15. d5 Qf6 16. Nb5 Qd8 17. Nbd4 f4 18. exf4 gxf4 19. gxf4 Bg4 20. Qd3 Bxh5 21. Nf5 Bg6 22. N3d4 Bxd4 23. Nxh6+ Kh7 24. Qh3 Kg7 25. f5 Qg5 26. fxg6 Qxh6 27. gxf7 Re5 28. Qg4+ Ng6 29. Qxd4 Rh8 30. Rfe1 Qh2+ 31. Kf1 Nf4 32. Qxf4 Qxf4 33. Rc3 Rxe1+ 34. Kxe1 Qe5+ 35. Re3 Qa1+ 36. Ke2 Qxa2+ 37. Kf3 Kxf7 38. Bf1 Rh2 39. Be2 Qb1 40. Bd3 Qd1+ 0-1

[Event "Asia-ch Rapid U20"]
[Site "Jamshedpur"]
[Date "2023.09.08"]
[Round "6"]
[White "Reyan, Md"]
[Black "Boominathan, Lalitaditaayyanar"]
[Result "1-0"]
[WhiteElo "1693"]
[BlackElo "1534"]
[PlyCount "71"]
[EventDate "2023.09.08"]
[EventType "swiss (rapid)"]
[EventRounds "9"]
[EventCountry "IND"]
[SourceTitle "EXT 2024"]
[Source "ChessBase"]
[SourceDate "2023.10.10"]
[SourceVersion "1"]
[SourceVersionDate "2023.10.10"]
[SourceQuality "1"]

1. e4 c5 2. Nc3 Nc6 3. Bb5 g6 4. Bxc6 dxc6 5. d3 Bg7 6. f4 Nf6 7. Nf3 b6 8. 0-0 Ba6 9. Qe1 Qc7 10. b3 Nd7 11. Bd2 Nf8 12. e5 Ne6 13. Ne4 Nd4 14. Nxd4 cxd4 15. Nd6+ Kf8 16. Ne4 Bc8 17. Qf2 c5 18. Rae1 Be6 19. Ng5 Bd5 20. f5 h6 21. Ne6+ fxe6 22. fxe6+ Kg8 23. Qf7+ Kh7 24. Rf6 exf6 25. Qxc7 fxe5 26. Rxe5 Rhc8 27. Qf7 Rf8 28. Rxd5 Rxf7 29. exf7 Rf8 30. Rd7 a5 31. a4 Bf6 32. Bf4 Kg7 33. Bc7 b5 34. axb5 c4 35. dxc4 Ra8 36. Bd6 1-0

[Event "Hyderabad Slan op 1st"]
[Site "Hyderabad"]
[Date "2023.07.23"]
[Round "6"]
[White "Kolla, Bhaavan"]
[Black "Reyan, Md"]
[Result "0-1"]
[WhiteElo "1715"]
[BlackElo "1678"]
[PlyCount "82"]
[EventDate "2023.07.21"]
[EventType "swiss"]
[EventRounds "9"]
[EventCountry "IND"]
[SourceTitle "CBM 215 Extra"]
[Source "ChessBase"]
[SourceDate "2023.09.30"]
[SourceVersion "1"]
[SourceVersionDate "2023.09.30"]
[SourceQuality "1"]

1. e4 c5 2. Nf3 Nc6 3. Bb5 e5 4. Bxc6 dxc6 5. d3 Bd6 6. Be3 Ne7 7. Nbd2 f6 8. h3 Be6 9. c3 Qd7 10. a4 a5 11. Qe2 0-0 12. 0-0 Kh8 13. d4 cxd4 14. cxd4 h6 15. Rad1 Ng6 16. Nc4 Bc7 17. dxe5 Qf7 18. Nd6 Bxd6 19. Rxd6 Bc4 20. Qd2 Bxf1 21. Rd7 Qe6 22. Bxh6 Rf7 23. Bxg7+ Kxg7 24. Rd6 Qc4 25. e6 Re7 26. Nd4 Nh4 27. Qf4 Bxg2 28. Qxh4 Qf1+ 29. Kh2 Qh1+ 30. Kg3 Bxe4 31. Kf4 Bg6 32. Qg4 Qe4+ 33. Kg3 Qxg4+ 34. hxg4 c5 35. Nb3 Ra6 36. Rxa6 bxa6 37. Nxc5 Rc7 38. Nxa6 Rc6 39. Nb8 Rxe6 40. f4 Be8 41. f5 Rb6 0-1

[Event "Bhubaneswar op-A 14th"]
[Site "Bhubaneswar"]
[Date "2023.06.16"]
[Round "8"]
[White "Reyan, Md"]
[Black "Charan, Sandipagu"]
[Result "1/2-1/2"]
[WhiteElo "1875"]
[BlackElo "1671"]
[PlyCount "128"]
[EventDate "2023.06.11"]
[EventType "swiss"]
[EventRounds "10"]
[EventCountry "IND"]
[SourceTitle "CBM 214 Extra"]
[Source "ChessBase"]
[SourceDate "2023.07.31"]
[SourceVersion "1"]
[SourceVersionDate "2023.07.31"]
[SourceQuality "1"]

1. e4 c5 2. Nc3 d6 3. f4 g6 4. Nf3 Bg7 5. Bc4 Nc6 6. 0-0 e6 7. d4 cxd4 8. Nb5 Nge7 9. Bb3 0-0 10. Nbxd4 d5 11. e5 Nxd4 12. Nxd4 f6 13. exf6 Bxf6 14. Be3 Nf5 15. Nxf5 gxf5 16. c3 Bd7 17. Rf3 Kh8 18. Bd4 b6 19. Re3 Rc8 20. Qd2 Rg8 21. Rae1 Rg6 22. g3 Bxd4 23. Qxd4+ Qf6 24. Qd1 b5 25. Re5 Rcg8 26. R1e3 Rg4 27. Qd4 Qg7 28. Bd1 Rh4 29. Kh1 Rh3 30. Be2 a6 31. Bf1 Rh6 32. Bg2 Rg6 33. Qd1 Bc8 34. Bf3 Rxg3 35. hxg3 Qxg3 36. Bg4 Qxg4 37. Qxg4 Rxg4 38. Rf3 Kg7 39. Kh2 Kf6 40. Re2 h5 41. Rg2 Bd7 42. Rh3 Rxf4 43. Rxh5 Ke5 44. Rh7 Kd6 45. Rg8 Bc6 46. Rd8+ Ke5 47. Rc8 Rc4 48. Ra7 d4 49. cxd4+ Kxd4 50. Rxa6 Bd5 51. Rxc4+ Kxc4 52. Kg3 e5 53. b3+ Kd4 54. a4 f4+ 55. Kg4 b4 56. Rb6 Ke3 57. Rb5 Be6+ 58. Kg5 e4 59. Kf6 Bh3 60. Rxb4 f3 61. Ke5 Kd3 62. Rxe4 f2 63. Rf4 f1Q 64. Rxf1 Bxf1 1/2-1/2

[Event "Bhubaneswar op-A 14th"]
[Site "Bhubaneswar"]
[Date "2023.06.15"]
[Round "6"]
[White "Reyan, Md"]
[Black "Ishan, Ghosh"]
[Result "1-0"]
[WhiteElo "1875"]
[BlackElo "1590"]
[PlyCount "63"]
[EventDate "2023.06.11"]
[EventType "swiss"]
[EventRounds "10"]
[EventCountry "IND"]
[SourceTitle "CBM 214 Extra"]
[Source "ChessBase"]
[SourceDate "2023.07.31"]
[SourceVersion "1"]
[SourceVersionDate "2023.07.31"]
[SourceQuality "1"]

1. e4 e6 2. d4 d5 3. Bd3 dxe4 4. Bxe4 Nf6 5. Bf3 Bd6 6. Ne2 Nbd7 7. 0-0 0-0 8. Ng3 c6 9. Re1 Qc7 10. Nd2 Rd8 11. Nc4 Bf4 12. Bxf4 Qxf4 13. Ne4 Nd5 14. c3 N7b6 15. Ne5 f6 16. g3 Qh6 17. Nd3 Nc4 18. Qb3 Nd6 19. Nxd6 Rxd6 20. Bxd5 cxd5 21. Qa3 Rc6 22. Qe7 Qh5 23. Qd8+ Kf7 24. Re5 Qf3 25. Re3 Qf5 26. Rae1 a5 27. Kg2 Ra7 28. Rf3 Qxf3+ 29. Kxf3 Ra8 30. Ke3 b6 31. Kd2 Ra7 32. Nf4 1-0

[Event "Hyderabad Singh Ji Memorial"]
[Site "Hyderabad"]
[Date "2023.01.12"]
[Round "6"]
[White "Dinesh, Kumar Jaganathan"]
[Black "Reyan, Md"]
[Result "1-0"]
[WhiteElo "1858"]
[BlackElo "1590"]
[PlyCount "146"]
[EventDate "2023.01.10"]
[EventType "swiss"]
[EventRounds "9"]
[EventCountry "IND"]
[SourceTitle "CBM 212 Extra"]
[Source "ChessBase"]
[SourceDate "2023.03.31"]
[SourceVersion "1"]
[SourceVersionDate "2023.03.31"]
[SourceQuality "1"]

1. d4 Nf6 2. c4 c5 3. Nf3 cxd4 4. Nxd4 g6 5. Nc3 Bg7 6. e4 Nc6 7. Nxc6 bxc6 8. e5 Ng8 9. Bf4 Nh6 10. Bd3 0-0 11. 0-0 d6 12. exd6 exd6 13. Be4 Qb6 14. Na4 Qa6 15. Qxd6 Qxc4 16. Qxc6 Qxc6 17. Bxc6 Ba6 18. Bxa8 Bxf1 19. Kxf1 Rxa8 20. Rd1 Nf5 21. Rd7 h6 22. b4 g5 23. Bd2 Rc8 24. Nc5 a5 25. a3 axb4 26. Bxb4 Nd4 27. g3 Nc2 28. Rd3 Rb8 29. Na6 Nxb4 30. Nxb4 Bf8 31. Rb3 g4 32. Ke2 Bc5 33. Rb2 Bd4 34. Rc2 Bf6 35. Rc4 h5 36. Nd5 Rb2+ 37. Kf1 Bg5 38. a4 Ra2 39. Nb6 Kg7 40. Nc8 Kg6 41. Na7 Ra1+ 42. Kg2 Ra2 43. Nc6 f6 44. Ne7+ Kf7 45. Nd5 Rd2 46. Nf4 Bxf4 47. Rxf4 Kg6 48. h3 Kg5 49. h4+ Kg6 50. Kf1 Kf7 51. Ke1 Rd5 52. Ke2 Ke6 53. Ke3 Rd1 54. Rd4 Ra1 55. Kd3 Ra3+ 56. Ke4 f5+ 57. Kf4 Rf3+ 58. Kg5 Rxf2 59. a5 Ra2 60. Kxh5 Rxa5 61. Kg6 Ra3 62. Rd1 Ke7 63. Rg1 Rf3 64. h5 f4 65. gxf4 Rxf4 66. Re1+ Kf8 67. h6 Rc4 68. Rf1+ Ke7 69. h7 Rc8 70. Rg1 Ke6 71. Rxg4 Ke5 72. Rh4 Rc6+ 73. Kg5 Kd5 1-0

[Event "Hyderabad Singh Ji Memorial"]
[Site "Hyderabad"]
[Date "2023.01.11"]
[Round "4"]
[White "Bhosale, Shriraj"]
[Black "Reyan, Md"]
[Result "1-0"]
[WhiteElo "1961"]
[BlackElo "1590"]
[PlyCount "97"]
[EventDate "2023.01.10"]
[EventType "swiss"]
[EventRounds "9"]
[EventCountry "IND"]
[SourceTitle "CBM 212 Extra"]
[Source "ChessBase"]
[SourceDate "2023.03.31"]
[SourceVersion "1"]
[SourceVersionDate "2023.03.31"]
[SourceQuality "1"]

1. d4 Nf6 2. Nf3 g6 3. c4 c5 4. Nc3 cxd4 5. Nxd4 Bg7 6. g3 0-0 7. Bg2 d6 8. 0-0 Qa5 9. e3 Qb4 10. Qb3 Na6 11. Qxb4 Nxb4 12. Rd1 Bg4 13. Rd2 Rab8 14. a3 Na6 15. b4 Nc7 16. Bb2 Rfc8 17. Nb3 Bd7 18. c5 Nce8 19. e4 Be6 20. Nd5 Bxd5 21. exd5 Nd7 22. Bxg7 Kxg7 23. Re1 Kf8 24. Rde2 Ne5 25. Rd1 Rc7 26. f4 Nd7 27. c6 bxc6 28. dxc6 Nb6 29. Na5 e6 30. g4 Na4 31. Re3 Nf6 32. Rxd6 Nxg4 33. Red3 Nf6 34. Rd8+ Rxd8 35. Rxd8+ Ke7 36. Rb8 Nb6 37. Kf2 Nfd5 38. Bxd5 Nxd5 39. Kf3 Kf6 40. b5 Kf5 41. Nc4 g5 42. Nd6+ Kg6 43. Rg8+ Kh6 44. fxg5+ Kh5 45. Ne8 Re7 46. Kg3 f5 47. gxf6 Rf7 48. c7 Nxc7 49. Rg7 1-0

[Event "Mumbai Wealth op 7th"]
[Site "Mumbai"]
[Date "2022.12.31"]
[Round "9"]
[White "Mishra, Sanjeev"]
[Black "Reyan, Md"]
[Result "0-1"]
[WhiteElo "1646"]
[BlackElo "1549"]
[PlyCount "138"]
[EventDate "2022.12.26"]
[EventType "swiss"]
[EventRounds "9"]
[EventCountry "IND"]
[SourceTitle "EXT 2024"]
[Source "ChessBase"]
[SourceDate "2023.10.10"]
[SourceVersion "1"]
[SourceVersionDate "2023.10.10"]
[SourceQuality "1"]

1. e4 c5 2. Nf3 Nc6 3. Bb5 g6 4. c3 Nf6 5. Qe2 Bg7 6. 0-0 0-0 7. d4 d5 8. e5 Ne4 9. h3 Qb6 10. Be3 c4 11. Bxc4 dxc4 12. d5 Qb5 13. dxc6 Qxc6 14. Na3 b6 15. Rfe1 Ba6 16. Bd4 Nc5 17. Bxc5 Qxc5 18. b4 Qc7 19. Nd4 Rfd8 20. Nac2 Bb7 21. a4 a5 22. b5 Qc5 23. f4 Rac8 24. Kh2 Kh8 25. Qg4 Bd5 26. Rad1 f6 27. exf6 exf6 28. f5 g5 29. Ne3 Bf7 30. Nc6 Rxd1 31. Qxd1 Bf8 32. Nc2 Qxf5 33. Rf1 Qd3 34. Qf3 Bd6+ 35. Kh1 Bf4 36. N2d4 Qxf3 37. Rxf3 Re8 38. Kg1 Bd5 39. Rf1 Re3 40. Rd1 Rg3 41. Nf5 Rxg2+ 42. Kf1 Rd2 43. Re1 Bg2+ 44. Kg1 Bh2+ 45. Kxh2 Bxc6+ 46. Kg1 Bd7 47. Ne3 Be6 48. Nf1 Rd6 49. Kg2 Kg7 50. Re2 Kf7 51. Ng3 Rd3 52. Rc2 Kg6 53. Kh2 h5 54. Ne4 Rxh3+ 55. Kg2 Rd3 56. Nf2 Bd5+ 57. Kh2 Re3 58. Rd2 Bf3 59. Rd6 h4 60. Rxb6 Re2 61. Kg1 Re1+ 62. Kh2 Rf1 63. Rd6 Rxf2+ 64. Kg1 Rg2+ 65. Kf1 h3 66. Rd8 h2 67. Rh8 Rb2 68. b6 Bh5 69. Rxh5 Kxh5 0-1

[Event "Mumbai Wealth op 7th"]
[Site "Mumbai"]
[Date "2022.12.29"]
[Round "6"]
[White "Reyan, Md"]
[Black "Shah, Mihir1111"]
[Result "0-1"]
[WhiteElo "1549"]
[BlackElo "1399"]
[PlyCount "92"]
[EventDate "2022.12.26"]
[EventType "swiss"]
[EventRounds "9"]
[EventCountry "IND"]
[SourceTitle "EXT 2024"]
[Source "ChessBase"]
[SourceDate "2023.10.10"]
[SourceVersion "1"]
[SourceVersionDate "2023.10.10"]
[SourceQuality "1"]

1. e4 e6 2. d4 d5 3. Bd3 dxe4 4. Bxe4 Nf6 5. Bf3 Nbd7 6. Ne2 Bd6 7. 0-0 0-0 8. Ng3 Re8 9. Re1 e5 10. Nf5 Bf8 11. dxe5 Nxe5 12. Ne3 Qxd1 13. Bxd1 Bd7 14. b3 Bc5 15. Nd2 Bb4 16. Rf1 Bc3 17. Rb1 Bb5 18. Ndc4 Ne4 19. f3 Nd6 20. Be2 Nexc4 21. bxc4 Bc6 22. Kf2 Bd4 23. Bd3 Re6 24. Bd2 Rae8 25. Rfe1 f5 26. g3 g6 27. Re2 g5 28. f4 Ne4+ 29. Bxe4 Rxe4 30. fxg5 f4 31. gxf4 Rxf4+ 32. Ke1 Bf3 33. Rb3 Bxe2 34. Kxe2 b6 35. Rd3 Rh4 36. Kd1 Bxe3 37. Bxe3 Rxh2 38. Bf4 Rh1+ 39. Kd2 c5 40. Rd7 Rh4 41. Bc7 Rxc4 42. Kd3 Rce4 43. Bh2 Re3+ 44. Kc4 Re2 45. Bg3 Rxc2+ 46. Kb5 Rxa2 0-1

[Event "IND-ch U14"]
[Site "Ahmedabad"]
[Date "2022.05.12"]
[Round "7"]
[White "Reyan, Md"]
[Black "Ankit, Ray"]
[Result "1/2-1/2"]
[WhiteElo "1590"]
[BlackElo "1932"]
[PlyCount "72"]
[EventDate "2022.05.09"]
[EventType "swiss"]
[EventRounds "11"]
[EventCountry "IND"]
[SourceTitle "CBM 208 Extra"]
[Source "ChessBase"]
[SourceDate "2022.07.31"]
[SourceVersion "1"]
[SourceVersionDate "2022.07.31"]
[SourceQuality "1"]

1. e4 c5 2. Nc3 e6 3. Nf3 Nc6 4. Bb5 Nd4 5. 0-0 a6 6. Bd3 d6 7. Nxd4 cxd4 8. Ne2 e5 9. c3 dxc3 10. dxc3 Nf6 11. c4 Be7 12. f3 Qb6+ 13. Kh1 Be6 14. Nc3 h5 15. Qe2 h4 16. Be3 Qd8 17. Rfd1 Nh5 18. Kg1 Kf8 19. Bc2 Qc7 20. Nd5 Bxd5 21. Rxd5 Rc8 22. Bb3 Nf6 23. Rd2 Nd7 24. Rad1 Nc5 25. Bxc5 Qxc5+ 26. Qf2 g6 27. Qxc5 Rxc5 28. Rd5 Rc7 29. c5 Rxc5 30. Rxc5 dxc5 31. Rd7 b5 32. Bd5 g5 33. Ra7 Rh6 34. Ra8+ Kg7 35. Ra7 Kf8 36. Ra8+ Kg7 1/2-1/2